The physical atlas (Record no. 114180)

MARC details
000 -LEADER
fixed length control field 00849cam a22001935a 4500
001 - CONTROL NUMBER
control field L156320
008 - FIXED-LENGTH DATA ELEMENTS--GENERAL INFORMATION
fixed length control field 120514s1848 xxk f 000 0 eng d
035 ## - SYSTEM CONTROL NUMBER
System control number (Sirsi) u156320
041 0# - LANGUAGE CODE
Language code of text/sound track or separate title eng
100 1# - MAIN ENTRY--PERSONAL NAME
Personal name Johnston, Alexander Keith
Dates associated with a name 1804-1871
245 04 - TITLE STATEMENT
Title The physical atlas
Remainder of title a series of maps & notes illustrating the geographical distribution of natural phenomena [Geology]
Statement of responsibility, etc. by Alexander Keith Johnston, based on the Physikalischer Atlas of H. Berghaus, with the co-operation in their several departments of Sir David Brewster ... [et al.]
260 ## - PUBLICATION, DISTRIBUTION, ETC.
Place of publication, distribution, etc. Edinburgh
Name of publisher, distributor, etc. Blackwood
Date of publication, distribution, etc. 1848
300 ## - PHYSICAL DESCRIPTION
Extent 1v in various pagings
Dimensions 57 cm.
520 ## - SUMMARY, ETC.
Summary, etc. Cover title: The physical atlas of natural phaenomena: geology.
583 ## - ACTION NOTE
Action Condition reviewed
Time/date of action 20110620
Status condition level 3
651 #4 - SUBJECT ADDED ENTRY--GEOGRAPHIC NAME
Geographic name International
690 ## - LOCAL SUBJECT ADDED ENTRY--TOPICAL TERM (OCLC, RLIN)
Topical term or geographic name as entry element Geomatics
9 (RLIN) 6242
942 ## - ADDED ENTRY ELEMENTS (KOHA)
Suppress in OPAC 0
Holdings
Withdrawn status Lost status Source of classification or shelving scheme Damaged status Not for loan Home library Current library Shelving location Date acquired Total Checkouts Full call number Barcode Date last seen Copy number Price effective from Koha item type
    Dewey Decimal Classification     Historic collection Historic collection Historic collection 14/05/2012   ATLAS 1848 JOHNSTON 30077037 06/08/2019 1 06/08/2019 Book